000 00600nam a2200181Ia 4500
008 090123s9999 xx 000 0 und d
082 _b40715
100 _aदोडे अरविंद
245 _aकाश्मीरची महाराणी
250 _a0
260 _bपारस पब्लिकेशन्स
_c2006
300 _a207
600 _aदोडे अरविंद
630 _aकाश्मीरची महाराणी
700 _aदोडे अरविंद
730 _aकाश्मीरची महाराणी
942 _cBOOK
999 _c78791
_d78791